Panorama of World Literature (Record no. 46267)

MARC details
000 -LEADER
fixed length control field 00452nam a2200181Ia 4500
008 - FIXED-LENGTH DATA ELEMENTS--GENERAL INFORMATION
fixed length control field 220531s9999 xx 000 0 und d
041 ## - LANGUAGE CODE
Language code of text/sound track or separate title eng
082 ## - DEWEY DECIMAL CLASSIFICATION NUMBER
Classification number -
Item number PAN / NAW
100 ## - MAIN ENTRY--PERSONAL NAME
Personal name Nawale, A. M.
9 (RLIN) 84045
245 ## - TITLE STATEMENT
Title Panorama of World Literature
250 ## - EDITION STATEMENT
Edition statement 1ST
260 ## - PUBLICATION, DISTRIBUTION, ETC. (IMPRINT)
Place of publication, distribution, etc. New Delhi
Name of publisher, distributor, etc. Authorspress
Date of publication, distribution, etc. 2012
300 ## - PHYSICAL DESCRIPTION
Extent 286
542 ## - INFORMATION RELATING TO COPYRIGHT STATUS
Copyright holder 31-05-2018
650 ## - SUBJECT ADDED ENTRY--TOPICAL TERM
Topical term or geographic name as entry element Literature
9 (RLIN) 84046
906 ## - LOCAL DATA ELEMENT F, LDF (RLIN)
d 2018-2019
f 12656
Holdings
Withdrawn status Lost status Source of classification or shelving scheme Damaged status Not for loan Collection code Home library Current library Date acquired Vendor Cost, normal purchase price Total Checkouts Total Holds Full call number Barcode Date last seen Cost, replacement price Bill Date Koha item type Original Barcode
    Dewey Decimal Classification       Shri Siddhivinayak Mahila Mahavidyalaya Shri Siddhivinayak Mahila Mahavidyalaya 06/07/2018 Sagar 600.00   1 -/PAN/NAW/B/21881 SSMM-BK-21881 06/08/2022 600.00 06/08/2022 Books 010021881